00362nam a2200133 a 45000010010000000030011000100080041000210350026000620820014000881000023001022450044001252600047001696500012002160000-8933ELIB.Books110520 1997  a(ELIB.Books)0000-9081 aFic bWil aWilliamson, Martha aTouched by an Angel a Christmas Miracle bNashville: Thomas Nelson Publishers c1997 aFiction